00735 2200253 4500001002100000005001500021035002000036008004100056245005200097100002500149260003400174300002500208084002000233082001000253650007000263020002200333250000600355990002000361990002000381990002000401990002000421990002000441990002000461INLIS00000000000284320241211032655 a0010-1224000375241211 0 ind 1 aIlmu Penyakit Pascapanen /cToekidjo Martoredjo aMartoredjo, Toekidjo aJakarta :bBumi Aksara,c2009 a210 hlm. ;c16x23 cm a632.3 MAR I C.1 a632.3 4aPenyakit pada Tanaman Pertanian, Penyakit pada Tumbuhan Pertanian a978-979-010-430-3 a1 a090811200005178 a090811200005179 a090811200005180 a090811200005181 a120711200005182 a120711200005183